| 000 | 02046Cam#a22005055a#4500 | ||
|---|---|---|---|
| 003 | AR-RoUNA | ||
| 005 | 20260612095045.0 | ||
| 008 | 140529||||||||||||||||| |||| 0|||| d | ||
| 020 | _a9780500234778 | ||
| 040 |
_aAR-RoUNA _bspa |
||
| 041 | _aeng | ||
| 080 | _a728.3 | ||
| 092 | _lS782 | ||
| 100 | 1 |
_aSlesin, Suzanne _910335 |
|
| 245 | 1 |
_aThe book of : _bLofts / _cSuzanne Slesin; Stafford Cliff; Daniel Rozensztroch |
|
| 250 | _a1a. ed. | ||
| 260 |
_aNew York : _bClarkson, Potter, Inc, _c1986 |
||
| 300 |
_a248 p. : _bfot. byn. _bplanos _bplantas _bfot. col. _c30x22 cm. |
||
| 500 | _aContiene un anexo de planos isométricos p 233/248. Fotografias de Gilles de Chabaneix , ilustraciones por Robin Mason. | ||
| 505 | 0 | _rINDICE | |
| 505 | 0 | _t1. La historia de los lofts. p. 3 | |
| 505 | 0 | _t2. La atmósfera del loft. p. 23 | |
| 505 | 0 | _t3. La declaración del loft. p. 33 | |
| 505 | 0 | _t4. El loft del artista. p. 73 | |
| 505 | 0 | _t 5. El loft abierto. p. 97 | |
| 505 | 0 | _t6. El loft dividido. p. 117 | |
| 505 | 0 | _t 7. Dividiendo horizontalmente. p.129 | |
| 505 | 0 | _t8. Dividiendo verticalmente. p.157. | |
| 505 | 0 | _t9. Vivir y trabajar. p.175 | |
| 505 | 0 | _t10. El loft en detalle. p.207 | |
| 505 | 0 | _t11. La influencia del lofts. p. 213 | |
| 505 | 0 | _t12. Planos y axonometrías. p.233 | |
| 505 | 0 | _t Créditos fotográficos. p.246 | |
| 520 | 3 | _aEl libro internacional Lots describe una amplia selección de Lofts en Nueva York, Chicago, Los Ángeles, Londres, París, Berlín y Milán. Ya sea en antiguos almacenes, escuelas reconvertidas, oficinas o antiguos talleres de carpintería, los Lofts son ejemplos singularmente ingeniosos de diseño y vida contemporáneos. | |
| 650 | _aLofts | ||
| 650 | _aHistoria | ||
| 651 |
_aNueva York (Estados Unidos) _97589 |
||
| 700 | 1 |
_910336 _aCliff, Stafford |
|
| 700 | 1 |
_910337 _aRozensztroch, Daniel |
|
| 908 | _aImp | ||
| 930 | _e5278 | ||
| 942 | _2udc | ||
| 945 |
_aMEM _d2026-02-23 |
||
| 980 |
_81 _gMaricel Allasia _61 _aMaricel Allasia |
||
| 999 |
_c12470 _d12470 |
||